| 000 | 00730nam a2200193Ii 4500 | ||
|---|---|---|---|
| 003 | JO-AjNU | ||
| 008 | 230605s9999||||xx |||||||||||||| ||und|| | ||
| 040 |
_aJO-AjNU _bara _erda _cJO-AjNU |
||
| 041 | _aara | ||
| 050 | 1 | 4 | _aHF5681 2010 |
| 100 | 3 |
_aتأليف: هلالي،حسين مصطفى, _eauthor _932449 |
|
| 245 | 0 | 0 | _aتحليل وتفسير ونقد القوائم المالية والميزانيات |
| 264 | 3 | 1 | _aالقاهرة: دار النهضة العربية، 2010 |
| 300 |
_a388ص _bيحتوي على ببلوغرافية من ص383-388ص |
||
| 336 |
_atext _btxt _2rdacontent |
||
| 337 |
_aunmediated _bn _2rdamedia |
||
| 338 |
_avolume _bnc _2rdacarrier |
||
| 650 | 4 |
_aالمحاسبة المالية _932450 |
|
| 999 |
_aA13101 _c16669 _d16669 |
||